Talleres de Formación Ciudadana: Ciudadanía Activa E
Saved in:
| Hovedforfatter: | |
|---|---|
| Format: | Ukendt |
| Sprog: | engelsk |
| Udgivet: |
Planeta
2019
|
| Tags: |
Tilføj Tag
Ingen Tags, Vær først til at tagge denne postø!
|
MARC
| LEADER | 00000 a2200000 4500 | ||
|---|---|---|---|
| 003 | CL-VaPUC | ||
| 005 | 20201119192525.0 | ||
| 008 | 201119b ||||| |||| 00| 0 eng d | ||
| 999 | |c 423297 |d 423295 | ||
| 020 | |a 9789563605464 | ||
| 040 | |c Pontificia Universidad Católica de Valparaíso | ||
| 100 | |a Varios Autores |9 737676 | ||
| 245 | |a Talleres de Formación Ciudadana: Ciudadanía Activa E | ||
| 260 | |b Planeta |c 2019 | ||
| 583 | |k Cristina Rojas |c 20201119 | ||
| 942 | |2 ddc |c BK |n 1 | ||